000 02273nam a2200229Ia 4500
003 OSt
005 20210910134613.0
008 210310s1947 ck ado gr 000 0 spa d
040 _aCO-JMCR
_cCO-JMCR
041 0 _aspa
082 0 4 _a338.27282 /
_bO839e
_223
100 1 _aOspina Racines, Eduardo,
_eautor
_928224
245 1 3 _aLa economía del petróleo en Colombia :
_bcompilación de estudios sobre diversos aspectos jurídicos, técnicos y económicos de la industria /
_cEduardo Ospina-Racines
250 _aSegunda edición
260 _aBogotá :
_bE. Ospina-Racines,
_c1947.
300 _b193 páginas :
_ailustraciones, gráficas y fotografías en blanco y negro ;
_c23 cm.
504 _aBibliografía : páginas 197.
505 0 _aInversiones y rédito del capital petrolero. -- Estadística: inversiones, renta fiscal, salarios y jornales, patrimonio de la industria. Año 1945. -- Análisis del impuesto sobre la renta del petróleo y la renta fiscal del petróleo. -- Problemas económicos del petróleo. -- Cuatro años y medio para adquirir una concesión y terminar el primer pozo exploratorio. -- Pozos de petróleo perforados en Colombia y mapa índice. -- Lista de las concesiones nacionales otorgadas y de la propiedad particular actualmente activa. -- El origen del petróleo. -- El éxito de la exploración. -- El alcance fallo sobre la concesión De Mares 11. La explotación del petróleo. Descripción gráfica. -- Sistema y equipo para perforar pozos de petróleo 13. La prueba del dominio del subsuelo petrolífero en Colombia. -- Perspectivas de la industria. -- El petróleo y la economía nacional. -- Reportaje con el autor. -- La propiedad particular del petróleo. -- El petróleo y la renta fiscal. -- Once años para descubrir un nuevo yacimiento petrolífero. -- Interesante comparación de la industria del petróleo. -- El agotamiento del petróleo en los Estados Unidos 22. La explotación comercial del petróleo. -- La combustión de la gasolina y el "Número Octano' 24. Estadística: elaboración de refinados, producción y exportación de petróleo en Colombia. 1921-1946.
650 1 4 _aPetróleo y economía
_zColombia
_928226
650 1 4 _aPetróleo y renta fiscal.
_y1921-1946
_zColombia
_940244
942 _2ddc
_cBK
999 _c12433
_d12433